[Event "ISR-chT"]
[Site "Israel"]
[Date "2022.03.04"]
[Round "9.2"]
[White "Mindlin, Alon"]
[Black "Nedobora, Mikhail"]
[Result "1/2-1/2"]
[WhiteElo "2419"]
[BlackElo "2347"]
[PlyCount "35"]
[EventDate "2022.01.14"]
[EventType "team-tourn"]
[EventRounds "11"]
[EventCountry "ISR"]
[SourceTitle "EXT 2023"]
[Source "ChessBase"]
[SourceDate "2022.10.05"]
[SourceVersion "1"]
[SourceVersionDate "2022.10.05"]
[SourceQuality "1"]
[WhiteTeam "Kfar Saba"]
[BlackTeam "Petah Tikva"]
[WhiteTeamCountry "ISR"]
[BlackTeamCountry "ISR"]

1. d4 f5 2. Nc3 d5 3. Bg5 Nf6 4. Bxf6 exf6 5. e3 Be6 6. Bd3 Qd7 7. Qf3 Nc6 8. a3 Ne7 9. Nge2 c6 10. Nf4 Bf7 11. h4 Nc8 12. Nh5 Nd6 13. Ng3 Be6 14. Nce2 g6 15. Nf4 Bf7 16. 0-0-0 0-0-0 17. Qe2 Ne4 18. Qe1 1/2-1/2

[Event "ISR-chT"]
[Site "Israel"]
[Date "2021.05.08"]
[Round "6.1"]
[White "Zlatin, Alexander"]
[Black "Nedobora, Mikhail"]
[Result "1/2-1/2"]
[WhiteElo "2335"]
[BlackElo "2348"]
[PlyCount "82"]
[EventDate "2021.04.22"]
[EventType "team-tourn"]
[EventRounds "11"]
[EventCountry "ISR"]
[SourceTitle "EXT 2022"]
[Source "ChessBase"]
[SourceDate "2021.10.06"]
[SourceVersion "1"]
[SourceVersionDate "2021.10.06"]
[SourceQuality "1"]
[WhiteTeam "Tsafrir Rehovot"]
[BlackTeam "Petah Tikva Elitzur Dov"]
[WhiteTeamCountry "ISR"]
[BlackTeamCountry "ISR"]

1. e4 c5 2. Nc3 d6 3. d4 cxd4 4. Qxd4 Nc6 5. Qd2 g6 6. b3 Bh6 7. f4 Bg7 8. Bb2 Nf6 9. 0-0-0 0-0 10. Nf3 Qa5 11. Kb1 Bg4 12. Be2 Rac8 13. h3 Bxf3 14. Bxf3 Rfd8 15. g4 Ne8 16. Nd5 Qxd2 17. Rxd2 h6 18. h4 e6 19. Ne3 g5 20. hxg5 hxg5 21. fxg5 Bxb2 22. Kxb2 Ne5 23. Bd1 Kf8 24. Rf2 Nc7 25. Rh7 Kg8 26. Rfh2 Kf8 27. Be2 Ke7 28. Nc4 Nxc4+ 29. Bxc4 Rg8 30. R2h5 b5 31. Bd3 e5 32. a4 a6 33. axb5 axb5 34. R7h6 Rg7 35. Rf6 Rb8 36. Rf1 Ne6 37. Ra1 Nxg5 38. Ra7+ Kf6 39. Ra6 Ke7 40. Ra7+ Kf6 41. Ra6 Ke7 1/2-1/2

[Event "ISR-chT"]
[Site "Israel"]
[Date "2021.05.07"]
[Round "5.1"]
[White "Nedobora, Mikhail"]
[Black "Iliaguev, Nisim"]
[Result "1/2-1/2"]
[WhiteElo "2348"]
[BlackElo "2388"]
[PlyCount "56"]
[EventDate "2021.04.22"]
[EventType "team-tourn"]
[EventRounds "11"]
[EventCountry "ISR"]
[SourceTitle "EXT 2022"]
[Source "ChessBase"]
[SourceDate "2021.10.06"]
[SourceVersion "1"]
[SourceVersionDate "2021.10.06"]
[SourceQuality "1"]
[WhiteTeam "Petah Tikva Elitzur Dov"]
[BlackTeam "Beer Sheva Yud Alef"]
[WhiteTeamCountry "ISR"]
[BlackTeamCountry "ISR"]

1. c4 c6 2. d4 d5 3. Nf3 Nf6 4. e3 Bf5 5. Nc3 e6 6. Bd3 Bg6 7. 0-0 Nbd7 8. b3 Ne4 9. Qc2 f5 10. Ne2 Bd6 11. Nf4 Bf7 12. Bb2 g5 13. Ne2 Qf6 14. cxd5 exd5 15. Ne1 Qh6 16. g3 0-0 17. f3 g4 18. fxe4 fxe4 19. Ba6 bxa6 20. Nf4 Rfc8 21. Neg2 Nf8 22. Rac1 Ne6 23. Nxe6 Bxe6 24. Nf4 Bd7 25. Rf2 Rf8 26. Rcf1 Bxf4 27. Rxf4 Rxf4 28. Rxf4 Rf8 1/2-1/2

[Event "Ramat Gan Nov GM"]
[Site "Ramat Gan"]
[Date "2020.11.17"]
[Round "2"]
[White "Mikhalevski, Victor"]
[Black "Nedobora, Mikhail"]
[Result "0-1"]
[WhiteElo "2560"]
[BlackElo "2351"]
[PlyCount "228"]
[EventDate "2020.11.15"]
[EventType "tourn"]
[EventRounds "9"]
[EventCountry "ISR"]
[EventCategory "8"]
[SourceTitle "CBM 199 Extra"]
[Source "ChessBase"]
[SourceDate "2021.01.31"]
[SourceVersion "1"]
[SourceVersionDate "2021.01.31"]
[SourceQuality "1"]

1. Nf3 Nf6 2. c4 c6 3. g3 d5 4. Bg2 dxc4 5. 0-0 Nbd7 6. Na3 Nb6 7. Ne5 Be6 8. Qc2 Qd4 9. Nxc6 bxc6 10. Bxc6+ Kd8 11. Bxa8 Nxa8 12. d3 cxd3 13. Rd1 dxc2 14. Rxd4+ Bd7 15. Nc4 e6 16. Ne5 Ke8 17. Nxd7 Nxd7 18. Rc4 Nab6 19. Rxc2 Bd6 20. Bg5 f6 21. Rd1 Ke7 22. Rc6 Bb8 23. Bd2 Kf7 24. f4 f5 25. Bc3 Re8 26. a4 Nd5 27. b4 N7b6 28. a5 Rc8 29. b5 Rxc6 30. bxc6 Nc8 31. Rb1 Bc7 32. Rb7 Ke8 33. Bxg7 Bxa5 34. Be5 Bb6+ 35. Kg2 Nce7 36. Rb8+ Kf7 37. Rb7 Ke8 38. Bd6 Nxc6 39. Rxh7 a5 40. h4 a4 41. h5 Ne3+ 42. Kh3 Nc4 43. Rb7 Bd8 44. Bc5 a3 45. Bxa3 Nxa3 46. h6 Bf6 47. g4 fxg4+ 48. Kxg4 Nd8 49. Rb4 Nc2 50. Ra4 Ne3+ 51. Kh5 Nd5 52. e4 Nxf4+ 53. Kg4 Nd3 54. Kh5 Nc5 55. Rc4 Nd7 56. Ra4 Be5 57. Ra5 Nc6 58. Ra6 Nf6+ 59. Kh4 Nd8 60. Kg5 Nxe4+ 61. Kg6 Nd6 62. Ra5 N8f7 63. Ra7 Bd4 64. Ra4 Bh8 65. Ra7 e5 66. Kh5 e4 67. h7 Kf8 68. Kg6 e3 69. Ra2 Ke7 70. Kh5 Nb5 71. Kg4 Nd4 72. Kg3 e2 73. Kf2 Bf6 74. Rxe2+ Nxe2 75. Kxe2 Ng5 76. Ke3 Nxh7 77. Kf4 Ke6 78. Ke4 Be5 79. Kf3 Nf6 80. Ke3 Kd5 81. Kd3 Bd4 82. Kd2 Nd7 83. Ke1 Ke4 84. Kd2 Nc5 85. Ke2 Be3 86. Ke1 Ne6 87. Kd1 Kd3 88. Ke1 Nf4 89. Kf1 Ke4 90. Ke1 Kf3 91. Kd1 Ke4 92. Ke1 Bd4 93. Kd2 Nd3 94. Kc2 Nc5 95. Kd2 Kf3 96. Kd1 Bc3 97. Kc2 Bb4 98. Kd1 Ke3 99. Kc1 Kd3 100. Kd1 Ne6 101. Kc1 Nd4 102. Kd1 Bc3 103. Kc1 Ke2 104. Kb1 Kd2 105. Ka2 Bb4 106. Kb2 Bc5 107. Kb1 Nc6 108. Kb2 Na5 109. Kb1 Ba3 110. Ka2 Bc1 111. Kb1 Kd1 112. Ka1 Kc2 113. Ka2 Nc6 114. Ka1 Bb2+ 0-1

[Event "Petah Tikva Elitzur IM-B"]
[Site "Petah Tikva"]
[Date "2020.09.09"]
[Round "9"]
[White "Kaganskiy, Gleb"]
[Black "Nedobora, Mikhail"]
[Result "1/2-1/2"]
[WhiteElo "2266"]
[BlackElo "2372"]
[PlyCount "21"]
[EventDate "2020.07.20"]
[EventType "tourn"]
[EventRounds "9"]
[EventCountry "ISR"]
[EventCategory "3"]
[SourceTitle "EXT 2021"]
[Source "ChessBase"]
[SourceDate "2020.10.23"]
[SourceVersion "1"]
[SourceVersionDate "2020.10.23"]
[SourceQuality "1"]

1. c4 c6 2. Nf3 d5 3. g3 Nf6 4. b3 Bf5 5. Bg2 e6 6. 0-0 h6 7. Bb2 Be7 8. d3 0-0 9. Nbd2 a5 10. a3 Na6 11. Rc1 1/2-1/2

[Event "Petah Tikva Elitzur IM-C"]
[Site "Petah Tikva"]
[Date "2020.09.03"]
[Round "9"]
[White "Shohat, Yotam"]
[Black "Nedobora, Mikhail"]
[Result "1/2-1/2"]
[WhiteElo "2204"]
[BlackElo "2372"]
[PlyCount "56"]
[EventDate "2020.07.15"]
[EventType "tourn"]
[EventRounds "9"]
[EventCountry "ISR"]
[EventCategory "2"]
[SourceTitle "EXT 2021"]
[Source "ChessBase"]
[SourceDate "2020.10.23"]
[SourceVersion "1"]
[SourceVersionDate "2020.10.23"]
[SourceQuality "1"]

1. e4 c5 2. Nf3 d6 3. d4 cxd4 4. Nxd4 Nf6 5. Nc3 a6 6. Bc4 e6 7. Bb3 Nbd7 8. f4 Nc5 9. f5 Be7 10. Qf3 0-0 11. Be3 Qa5 12. 0-0 Qc7 13. g4 Nxb3 14. axb3 d5 15. exd5 Nxd5 16. Nxd5 exd5 17. g5 Bd6 18. Bf4 Qb6 19. c3 Bc5 20. Be3 Re8 21. b4 Bxd4 22. Bxd4 Qd6 23. Rf2 Re4 24. Kh1 Bd7 25. Rg1 Rh4 26. Re1 Re4 27. Rg1 Rh4 28. Re1 Re4 1/2-1/2

[Event "Petah Tikva Elitzur IM-A"]
[Site "Petah Tikva"]
[Date "2020.08.26"]
[Round "8"]
[White "Kupervaser, Erez"]
[Black "Nedobora, Mikhail"]
[Result "1-0"]
[WhiteElo "2375"]
[BlackElo "2372"]
[PlyCount "51"]
[EventDate "2020.07.16"]
[EventType "tourn"]
[EventRounds "9"]
[EventCountry "ISR"]
[EventCategory "6"]
[SourceTitle "EXT 2021"]
[Source "ChessBase"]
[SourceDate "2020.10.23"]
[SourceVersion "1"]
[SourceVersionDate "2020.10.23"]
[SourceQuality "1"]

1. e4 c5 2. Nf3 d6 3. d4 cxd4 4. Nxd4 Nf6 5. Nc3 a6 6. h4 e5 7. Nb3 Be6 8. f4 exf4 9. Bxf4 Nc6 10. Qd2 Ne5 11. Nd4 Bg4 12. Be2 g6 13. 0-0-0 h5 14. Rhf1 Be7 15. Nf3 Bxf3 16. gxf3 Rc8 17. Bg5 0-0 18. f4 Nc4 19. Bxc4 Rxc4 20. e5 Ng4 21. exd6 Bxg5 22. hxg5 Qd7 23. Nd5 Re4 24. f5 Re5 25. fxg6 fxg6 26. Ne7+ 1-0

[Event "Petah Tikva Elitzur IM-A"]
[Site "Petah Tikva"]
[Date "2020.08.16"]
[Round "5"]
[White "Flom, Gabriel"]
[Black "Nedobora, Mikhail"]
[Result "1/2-1/2"]
[WhiteElo "2514"]
[BlackElo "2372"]
[PlyCount "42"]
[EventDate "2020.07.16"]
[EventType "tourn"]
[EventRounds "9"]
[EventCountry "ISR"]
[EventCategory "6"]
[SourceTitle "EXT 2021"]
[Source "ChessBase"]
[SourceDate "2020.10.23"]
[SourceVersion "1"]
[SourceVersionDate "2020.10.23"]
[SourceQuality "1"]

1. d4 f5 2. Bg5 h6 3. Bh4 g5 4. e3 Nf6 5. Bg3 Bg7 6. Nc3 d6 7. h4 g4 8. Bc4 e6 9. h5 0-0 10. Nge2 Qe8 11. Nf4 Bd7 12. Qe2 a6 13. a3 d5 14. Bb3 Bb5 15. Nxb5 axb5 16. Ng6 Rf7 17. f3 b4 18. Ne5 bxa3 19. bxa3 Nc6 20. Rh4 Nxe5 21. Bxe5 Qe7 1/2-1/2

[Event "Petah Tikva Elitzur IM-C"]
[Site "Petah Tikva"]
[Date "2020.07.28"]
[Round "4"]
[White "Aizenberg, Benny"]
[Black "Nedobora, Mikhail"]
[Result "1/2-1/2"]
[WhiteElo "2177"]
[BlackElo "2372"]
[PlyCount "124"]
[EventDate "2020.07.15"]
[EventType "tourn"]
[EventRounds "9"]
[EventCountry "ISR"]
[EventCategory "2"]
[SourceTitle "EXT 2021"]
[Source "ChessBase"]
[SourceDate "2020.10.23"]
[SourceVersion "1"]
[SourceVersionDate "2020.10.23"]
[SourceQuality "1"]

1. e4 c5 2. Nf3 d6 3. d4 cxd4 4. Nxd4 Nf6 5. Nc3 a6 6. Bg5 e6 7. f4 Qc7 8. Bxf6 gxf6 9. Qd2 b5 10. 0-0-0 Bb7 11. a3 Nc6 12. f5 h5 13. Qf2 Nxd4 14. Qxd4 Ke7 15. g3 Qc5 16. Qd3 Rd8 17. Bg2 b4 18. axb4 Qxb4 19. Rhf1 Rb8 20. b3 h4 21. Kb2 Qc5 22. Rde1 Rc8 23. fxe6 fxe6 24. Ne2 Bg7 25. c3 hxg3 26. Qxg3 Qg5 27. Nf4 Qxg3 28. hxg3 Rh6 29. Rh1 Rxh1 30. Rxh1 Kf7 31. Rd1 Rd8 32. Bh3 Bc8 33. b4 Bh6 34. Kb3 e5 35. Bxc8 exf4 36. Bxa6 fxg3 37. Bf1 Be3 38. Bg2 Ke6 39. Rh1 Ke5 40. c4 Kf4 41. Rh5 Kg4 42. Rf5 Bf4 43. Rxf6 Rh8 44. b5 Rh2 45. b6 Rxg2 46. Rxf4+ Kxf4 47. b7 Rg1 48. Kb2 g2 49. b8Q Rb1+ 50. Kxb1 g1Q+ 51. Kc2 Qf2+ 52. Kb3 Qe3+ 53. Ka4 Qd4 54. Qb4 Kxe4 55. Kb5 Qe5+ 56. Kb6 Kd3 57. Qb5 Kd4 58. Kc6 Qe8+ 59. Kxd6 Qd8+ 60. Kc6 Qc8+ 61. Kb6 Qxc4 62. Qxc4+ Kxc4 1/2-1/2

[Event "Petah Tikva Elitzur IM-A"]
[Site "Petah Tikva"]
[Date "2020.07.26"]
[Round "4"]
[White "Nedobora, Mikhail"]
[Black "Rozen, Eytan"]
[Result "1/2-1/2"]
[WhiteElo "2372"]
[BlackElo "2395"]
[PlyCount "134"]
[EventDate "2020.07.16"]
[EventType "tourn"]
[EventRounds "9"]
[EventCountry "ISR"]
[EventCategory "6"]
[SourceTitle "EXT 2021"]
[Source "ChessBase"]
[SourceDate "2020.10.23"]
[SourceVersion "1"]
[SourceVersionDate "2020.10.23"]
[SourceQuality "1"]

1. d4 d5 2. Nf3 Nf6 3. Bf4 e6 4. e3 c5 5. c3 Bd6 6. Bg3 0-0 7. Nbd2 Nc6 8. Ne5 cxd4 9. exd4 Bxe5 10. dxe5 Nd7 11. Nf3 Qc7 12. Bd3 Ncxe5 13. Nxe5 Nxe5 14. 0-0 f6 15. Qe2 Bd7 16. Rae1 Qb6 17. Bxe5 fxe5 18. Qxe5 Rf6 19. Re2 Raf8 20. h3 h6 21. Qg3 Rf4 22. a3 a5 23. Qe3 Qxe3 24. Rxe3 b5 25. Be2 g5 26. Bg4 R4f6 27. b4 Kf7 28. Rd1 Rc8 29. Bh5+ Kf8 30. Bg4 axb4 31. axb4 Ra8 32. Bf3 Ra3 33. Kf1 Rf4 34. Be2 d4 35. Red3 Rxc3 36. Rxd4 Rxd4 37. Rxd4 Ke7 38. f4 Bc6 39. fxg5 hxg5 40. Rg4 Kf6 41. Ke1 Rb3 42. h4 gxh4 43. Rxh4 Bxg2 44. Bxb5 Ke5 45. Be2 Be4 46. b5 Rb2 47. Kf1 Kd5 48. Ke1 e5 49. Rh8 Bf5 50. Rd8+ Kc5 51. Rd2 Rb3 52. Kf2 e4 53. Rd1 Be6 54. Rg1 Kd4 55. Rd1+ Ke5 56. Rh1 Bd5 57. Rh8 e3+ 58. Kg3 Kd4 59. Rd8 Rb1 60. Bf3 Rxb5 61. Rxd5+ Rxd5 62. Bxd5 Kxd5 63. Kf3 Kd4 64. Ke2 Ke4 65. Ke1 Kd3 66. Kd1 e2+ 67. Ke1 Ke3 1/2-1/2

[Event "Petah Tikva Elitzur IM-A"]
[Site "Petah Tikva"]
[Date "2020.07.19"]
[Round "2"]
[White "Nedobora, Mikhail"]
[Black "Ben Ari, Yannay"]
[Result "1-0"]
[WhiteElo "2372"]
[BlackElo "2367"]
[PlyCount "101"]
[EventDate "2020.07.16"]
[EventType "tourn"]
[EventRounds "9"]
[EventCountry "ISR"]
[EventCategory "6"]
[SourceTitle "EXT 2021"]
[Source "ChessBase"]
[SourceDate "2020.10.23"]
[SourceVersion "1"]
[SourceVersionDate "2020.10.23"]
[SourceQuality "1"]

1. d4 Nf6 2. c4 e6 3. Nc3 Bb4 4. Qc2 d5 5. a3 Bxc3+ 6. Qxc3 0-0 7. Bg5 h6 8. Bh4 c5 9. dxc5 d4 10. Qc2 e5 11. Nf3 Nbd7 12. b4 a5 13. Rb1 Re8 14. e4 dxe3 15. fxe3 axb4 16. axb4 e4 17. Nd2 Ne5 18. Qb2 Bf5 19. Rc1 Neg4 20. Rc3 Re6 21. h3 Ne5 22. Rb3 Ng6 23. Bg3 Rea6 24. Be2 Qd7 25. Qc3 Ra2 26. Rf1 Be6 27. Rxf6 Rxd2 28. Qxd2 Ra1+ 29. Bd1 Qxd2+ 30. Kxd2 gxf6 31. Rc3 Ra2+ 32. Bc2 Ne5 33. Bxe5 fxe5 34. Kc1 f5 35. Kb1 Ra8 36. g4 Kf7 37. Kb2 Ke7 38. gxf5 Bxf5 39. h4 Rg8 40. Ra3 Kd7 41. Ra1 Rg3 42. Rd1+ Ke7 43. Rd5 Rxe3 44. Rxe5+ Kf6 45. Re8 Be6 46. Rb8 Bxc4 47. Rxb7 Bd3 48. Bxd3 Rxd3 49. c6 Ke6 50. Rd7 Rg3 51. Rd8 1-0

[Event "ISR-chT"]
[Site "Israel"]
[Date "2020.02.15"]
[Round "8.1"]
[White "Lavi, Idan"]
[Black "Nedobora, Mikhail"]
[Result "0-1"]
[WhiteElo "2095"]
[BlackElo "2360"]
[PlyCount "66"]
[EventDate "2020.01.10"]
[EventType "team-tourn"]
[EventRounds "11"]
[EventCountry "ISR"]
[SourceTitle "CBM 194 Extra"]
[Source "ChessBase"]
[SourceDate "2020.03.31"]
[SourceVersion "1"]
[SourceVersionDate "2020.03.31"]
[SourceQuality "1"]
[WhiteTeam "Herzliya Atudat Haim"]
[BlackTeam "Petah Tikva Elitzur Maarav"]
[WhiteTeamCountry "ISR"]
[BlackTeamCountry "ISR"]

1. e4 c5 2. Nf3 d6 3. d4 cxd4 4. Nxd4 Nf6 5. Nc3 a6 6. h3 e5 7. Nde2 Nc6 8. g4 Ne7 9. Bg2 Ng6 10. Bg5 Be7 11. Ng3 h6 12. Bxf6 Bxf6 13. Nf5 Nf4 14. Nxd6+ Kf8 15. Bf3 Be6 16. Nxb7 Qb8 17. Qd6+ Be7 18. Qxb8+ Rxb8 19. Na5 Rxb2 20. 0-0-0 Rb8 21. Nc6 Ba3+ 22. Kd2 Rc8 23. Nxe5 Bb4 24. Ke3 Bxc3 25. Nxf7 Kxf7 26. Kxf4 g5+ 27. Ke3 Be5 28. Be2 Rxc2 29. Bxa6 Ra8 30. Bd3 Ra3 31. h4 Bf4+ 32. Kf3 Bc4 33. hxg5 Bxg5 0-1

[Event "ISR-chT"]
[Site "Israel"]
[Date "2020.01.17"]
[Round "3.4"]
[White "Nedobora, Mikhail"]
[Black "Bar, Roman"]
[Result "1/2-1/2"]
[WhiteElo "2360"]
[BlackElo "2498"]
[PlyCount "34"]
[EventDate "2020.01.10"]
[EventType "team-tourn"]
[EventRounds "11"]
[EventCountry "ISR"]
[SourceTitle "CBM 194 Extra"]
[Source "ChessBase"]
[SourceDate "2020.03.31"]
[SourceVersion "1"]
[SourceVersionDate "2020.03.31"]
[SourceQuality "1"]
[WhiteTeam "Petah Tikva Elitzur Maarav"]
[BlackTeam "Ashdod Elite"]
[WhiteTeamCountry "ISR"]
[BlackTeamCountry "ISR"]

1. d4 Nf6 2. c4 e6 3. g3 c5 4. d5 exd5 5. cxd5 d6 6. Nc3 g6 7. Bg2 Bg7 8. Nf3 0-0 9. 0-0 Re8 10. Nd2 a6 11. a4 Nbd7 12. a5 Rb8 13. h3 Nh5 14. Nc4 Ne5 15. Nb6 Nd7 16. Nc4 Ne5 17. Nb6 Nd7 1/2-1/2

[Event "Petah Tikva Autumn 2"]
[Site "Petah Tikva"]
[Date "2019.10.27"]
[Round "2"]
[White "Aizenberg, Benny"]
[Black "Nedobora, Mikhail"]
[Result "1-0"]
[WhiteElo "2208"]
[BlackElo "2362"]
[PlyCount "57"]
[EventDate "2019.10.23"]
[EventType "tourn"]
[EventRounds "9"]
[EventCountry "ISR"]
[EventCategory "2"]
[SourceTitle "CBM 193 Extra"]
[Source "ChessBase"]
[SourceDate "2020.01.31"]
[SourceVersion "1"]
[SourceVersionDate "2020.01.31"]
[SourceQuality "1"]

1. e4 c5 2. Nf3 d6 3. d4 cxd4 4. Nxd4 Nf6 5. Nc3 a6 6. h3 e6 7. g4 h6 8. Bg2 Nbd7 9. 0-0 e5 10. Nf5 Nc5 11. f4 Qb6 12. Be3 g6 13. b4 gxf5 14. bxc5 Qb4 15. Qd2 fxg4 16. Rab1 Qc4 17. fxe5 gxh3 18. Rxf6 Rg8 19. Rf2 Bg7 20. Qd5 Be6 21. Qxb7 Rd8 22. Nd5 Bd7 23. e6 fxe6 24. Nc7+ Ke7 25. cxd6+ Kxd6 26. Rb6+ Ke7 27. Rxe6+ Bxe6 28. Nd5+ Kd6 29. Qe7+ 1-0

[Event "Petah Tikva Autumn 1"]
[Site "Petah Tikva"]
[Date "2019.10.23"]
[Round "1"]
[White "Mesropov, Konstantin Eduard"]
[Black "Nedobora, Mikhail"]
[Result "1/2-1/2"]
[WhiteElo "2422"]
[BlackElo "2362"]
[PlyCount "22"]
[EventDate "2019.10.23"]
[EventType "tourn"]
[EventRounds "9"]
[EventCountry "ISR"]
[EventCategory "2"]
[SourceTitle "CBM 193 Extra"]
[Source "ChessBase"]
[SourceDate "2020.01.31"]
[SourceVersion "1"]
[SourceVersionDate "2020.01.31"]
[SourceQuality "1"]

1. e4 c5 2. Nf3 d6 3. Bb5+ Bd7 4. Bxd7+ Qxd7 5. c4 e5 6. Nc3 Nc6 7. d3 Be7 8. 0-0 Bd8 9. Be3 Nge7 10. a3 0-0 11. Nd5 f5 1/2-1/2

[Event "Herzliya"]
[Site "Herzliya"]
[Date "2016.08.25"]
[Round "2"]
[White "Bakalchuk, Johnatan"]
[Black "Nedobora, Mikhail"]
[Result "1-0"]
[WhiteElo "2382"]
[BlackElo "2414"]
[PlyCount "123"]
[EventDate "2016.08.24"]
[EventType "tourn"]
[EventRounds "9"]
[EventCountry "ISR"]
[EventCategory "7"]
[SourceTitle "EXT 2017"]
[Source "ChessBase"]
[SourceDate "2016.10.25"]
[SourceVersion "1"]
[SourceVersionDate "2016.10.25"]
[SourceQuality "1"]

1. d4 Nf6 2. Nc3 d5 3. Bf4 Bf5 4. f3 e6 5. g4 Bg6 6. h4 h6 7. e3 c5 8. h5 Bh7 9. Nb5 Na6 10. c3 Be7 11. Bd3 Bxd3 12. Qxd3 Qd7 13. a4 Nh7 14. Nh3 0-0 15. Ke2 f6 16. Qg6 Rf7 17. Bh2 cxd4 18. exd4 Re8 19. Kd2 Nf8 20. Qc2 e5 21. Rae1 Bd8 22. Kc1 Rfe7 23. Qf5 Qc6 24. f4 Nc7 25. g5 fxg5 26. fxg5 Rf7 27. Qg4 hxg5 28. Nxc7 Rxc7 29. Bxe5 Rf7 30. Ref1 Rxf1+ 31. Rxf1 Qxa4 32. Qf5 Qd7 33. Nxg5 Qxf5 34. Rxf5 Nd7 35. Bf4 Re1+ 36. Kd2 Rf1 37. Ne6 Bf6 38. Ke2 Rb1 39. Rxd5 Rxb2+ 40. Kd3 Nf8 41. Ng5 b6 42. Ne4 Be7 43. Bg5 Bxg5 44. Nxg5 Rg2 45. Kc4 a6 46. Kb3 Rg1 47. c4 Rg3+ 48. Ka4 Rg1 49. c5 Ra1+ 50. Kb3 bxc5 51. dxc5 Rb1+ 52. Ka4 Rb5 53. Ka3 Rb8 54. c6 Rb6 55. Rc5 Rb8 56. Ka4 g6 57. h6 Nh7 58. c7 Rc8 59. Ne4 Nf8 60. Nd6 Ne6 61. Nxc8 Nxc5+ 62. Ka3 1-0

[Event "Herzliya"]
[Site "Herzliya"]
[Date "2016.08.24"]
[Round "1"]
[White "Nedobora, Mikhail"]
[Black "Zoler, Dan"]
[Result "1/2-1/2"]
[WhiteElo "2414"]
[BlackElo "2484"]
[PlyCount "86"]
[EventDate "2016.08.24"]
[EventType "tourn"]
[EventRounds "9"]
[EventCountry "ISR"]
[EventCategory "7"]
[SourceTitle "EXT 2017"]
[Source "ChessBase"]
[SourceDate "2016.10.25"]
[SourceVersion "1"]
[SourceVersionDate "2016.10.25"]
[SourceQuality "1"]

1. d4 Nf6 2. c4 e6 3. Nc3 Bb4 4. Qc2 0-0 5. a3 Bxc3+ 6. Qxc3 d6 7. Bg5 Nbd7 8. e3 h6 9. Bh4 b6 10. Ne2 c5 11. Rd1 Qe7 12. Qd2 g5 13. Bg3 Ne4 14. Qd3 Bb7 15. Nc3 Ndf6 16. f3 Nxg3 17. hxg3 Kg7 18. Be2 Rad8 19. e4 Ba6 20. Qe3 cxd4 21. Rxd4 e5 22. Rd2 Qc7 23. Nd1 Bc8 24. f4 exf4 25. gxf4 Qc5 26. e5 Nh7 27. exd6 Qxe3 28. Nxe3 gxf4 29. Nd5 Rxd6 30. Nxf4 Rfd8 31. Nh5+ Kf8 32. Rxd6 Rxd6 33. Nf4 Ng5 34. Bd3 Bb7 35. Kf2 Be4 36. Bxe4 Nxe4+ 37. Ke3 Nf6 38. Rh4 Kg7 39. Nh5+ Nxh5 40. Rxh5 Rg6 41. Kf3 Rf6+ 42. Ke3 Rg6 43. Kf3 Rf6+ 1/2-1/2

[Event "Jerusalem 4 Seasons"]
[Site "Jerusalem"]
[Date "2015.07.21"]
[Round "7"]
[White "Gorodetzky, David"]
[Black "Nedobora, Mikhail"]
[Result "1/2-1/2"]
[WhiteElo "2371"]
[BlackElo "2379"]
[PlyCount "45"]
[EventDate "2015.07.13"]
[EventType "tourn"]
[EventRounds "9"]
[EventCountry "ISR"]
[EventCategory "4"]
[SourceTitle "EXT 2016"]
[Source "ChessBase"]
[SourceDate "2015.10.08"]
[SourceVersion "1"]
[SourceVersionDate "2015.10.08"]
[SourceQuality "1"]

1. e4 c5 2. c3 Nf6 3. e5 Nd5 4. d4 cxd4 5. cxd4 d6 6. Nf3 Nc6 7. Bc4 Nb6 8. Bb5 Bd7 9. exd6 e6 10. Bg5 Qb8 11. 0-0 Bxd6 12. Nc3 0-0 13. Re1 Nb4 14. Bxd7 Nxd7 15. a3 Nc6 16. d5 exd5 17. Qxd5 Nb6 18. Qf5 Re8 19. Ne4 Be5 20. Bh4 Qc7 21. Nxe5 Rxe5 22. Qf3 Nd4 23. Qg3 1/2-1/2

[Event "ISR-chT 13"]
[Site "Israel"]
[Date "2013.02.08"]
[Round "11.2"]
[White "Krayz, Alexander"]
[Black "Nedobora, Mikhail"]
[Result "1-0"]
[WhiteElo "2319"]
[BlackElo "2384"]
[PlyCount "67"]
[EventDate "2012.12.21"]
[EventType "team"]
[EventRounds "11"]
[EventCountry "ISR"]
[SourceTitle "EXT 2014"]
[Source "ChessBase"]
[SourceDate "2013.11.20"]
[SourceVersion "1"]
[SourceVersionDate "2013.11.20"]
[SourceQuality "1"]

1. e4 c5 2. Nf3 d6 3. Bb5+ Bd7 4. Bxd7+ Qxd7 5. 0-0 Nc6 6. b3 Nf6 7. Qe2 e6 8. Bb2 Be7 9. a4 0-0 10. Na3 d5 11. d3 b6 12. Ne5 Nxe5 13. Bxe5 Qc6 14. Rae1 a6 15. c4 Rfd8 16. exd5 exd5 17. Nc2 dxc4 18. dxc4 Re8 19. Ne3 Bd8 20. Qb2 Re6 21. Nf5 Kf8 22. Qc3 g6 23. Ne3 Kg8 24. Qb2 Qe8 25. Nd5 Nxd5 26. cxd5 Re7 27. Bh8 Qf8 28. d6 Rxe1 29. Rxe1 f6 30. d7 Be7 31. Qe2 Bd6 32. Qe8 Be5 33. Qxa8 Qxa8 34. Bxf6 1-0

[Event "ISR-chT 13"]
[Site "Israel"]
[Date "2013.01.18"]
[Round "7.1"]
[White "Roiz, Michael"]
[Black "Nedobora, Mikhail"]
[Result "1/2-1/2"]
[WhiteElo "2625"]
[BlackElo "2384"]
[PlyCount "47"]
[EventDate "2012.12.21"]
[EventType "team"]
[EventRounds "11"]
[EventCountry "ISR"]
[SourceTitle "EXT 2014"]
[Source "ChessBase"]
[SourceDate "2013.11.20"]
[SourceVersion "1"]
[SourceVersionDate "2013.11.20"]
[SourceQuality "1"]

1. d4 Nf6 2. c4 g6 3. Nc3 Bg7 4. e4 d6 5. Be2 0-0 6. Nf3 e5 7. 0-0 Qe8 8. d5 a5 9. Ne1 Na6 10. Nd3 Nd7 11. f3 f5 12. Bd2 Nac5 13. Nxc5 Nxc5 14. exf5 gxf5 15. f4 Bd7 16. Kh1 Qe7 17. fxe5 Bxe5 18. Bf4 Bxf4 19. Rxf4 Qe5 20. Qd4 Qxd4 21. Rxd4 Rae8 22. Kg1 Re5 23. Rf1 Na4 24. Rd2 1/2-1/2